Представление документа в формате RUSMARC

ПолеНазваниеЗначение
  Тип записи a
  Библиографический уровень m
001 Контрольный номер RU/SLIB/B/208719907
005 Дата корректировки 20201206203940.7
010 Индекс ISBN __
d Цена 1-80
101 Язык документа __
a Язык текста rus
c Язык оригинала rus
200 Заглавие и сведения об ответственности 1_
a Заглавие Китай в огне войны (1931-1950)
e Сведения, относящиеся к заглавию [моногpафия]
f Первые сведения об ответственности Сапожников Б. Г.
b Общее обозначение материала Текст
210 Выходные данные __
a Место издания М.
c Издательство Наука
d Дата издания 1977
215 Физическое описание __
a Объем 352 с.
e Сопроводительные материалы пpил. (10 отд. л. каpт.)
606 Тематические рубрики __
a Основная рубрика История
z Хронологическая подрубрика 1931-1950 гг.; 1894-1895 гг.; 19 в.; 20 в.
606 Тематические рубрики __
a Основная рубрика Страны Азии с 1918 г. -
606 Тематические рубрики __
y Географическая подрубрика Китай; Россия; СССР; Япония; Монголия
610 Ключевые слова __
a Ключевые слова гражданская война; Японо-китайская война; историческая литература; войны
686 Индексы других классификаций __
a Классификационный индекс 63.3(5Кит)6
700 Автор _1
a Фамилия Сапожников
b Имя Б. Г.
4 Код отношения 070
801 Источник записи _0
a Страна RU
b Организация Муниципальное бюджетное учреждение культуры "Централизованная библиотечная система" г. Сургут (Центральная городская библиотека им. А. С. Пушкина)
g Правила каталогизации К/Кундохова В.С.
801 Источник записи _1
a Страна RU
b Организация Муниципальное бюджетное учреждение культуры "Централизованная библиотечная система" г. Сургут (Центральная городская библиотека им. А. С. Пушкина)
g Правила каталогизации К/Кундохова В.С.
852 Данные о местонахождении __
j Шифр хранения 63.3(5Кит)6
c Каталожный индекс 63.3(5Кит)
i Авторский знак С 19
p Инвентарный номер 100870(с)
901 Тип документа __
t Тип документа m
990 Данные о заказе (DOS) __
j Количество экземпляров (DOS) 1